000 01443nam a2200361Ia 4500
008 130821s2005 ck a gr spa
020 _a1246267
040 _aCo-BoUCM
_bspa
041 0 0 _aspa
240 1 0 _aPUC
245 0 0 _aEstatuto de la profesión de contador público ; Reglamento general de la contabilidad ; Plan único de cuentas para comerciantes
_ccompilado y concordado por Nubia Yomara Velandia Forero
246 3 0 _aPlan único de cuentas para comerciantes
_b2005
246 3 0 _aReglamento general de la contabilidad
250 _a13a. ed.
260 _aBogotá (Colombia)
_bLegis
_c2005
300 _a343 páginas
_btablas, cuadros
_e1 CD-ROM
504 _aIncluye abreviaturas, índices general, alfabético-informativo y normativo
630 _aDecreto 2649 de 1993
_94961
630 _aDecreto 2650 de 1993
_94962
630 _aLey 145 de 1960
_95030
630 _aLey 43 de 1990
_95056
650 0 4 _aComerciantes
_zColombia
_911189
650 0 4 _aContabilidad
_97449
650 0 4 _aContabilidad
_vReglamentos
_zColombia
_97449
650 0 4 _aContabilidad
_xLegislación
_zColombia
_933550
650 0 4 _aDerecho comercial
_912717
650 0 4 _aDerecho comercial
_zColombia
_933552
650 0 4 _aEstados financieros
_zColombia
_915032
700 1 1 _aVelandia Forero, Nubia Yomara
_ecomp.
_933554
710 2 _aEditores Legis
_9161794
942 _cLIBRO
_a16
_e1
_mP699
_2DEWEY
_h657.2
999 _c45300
_d45300